| 000 | 00694nam a22002057a 4500 | ||
|---|---|---|---|
| 999 |
_c5220 _d5220 |
||
| 003 | AR-CdUCM | ||
| 008 | 190312b ||||| |||| 00| 0 spa d | ||
| 040 |
_aMUNICIPALIDAD PROVINCIAL DEL CUSCO _cBIBLIOTECA MUNICIPAL DEL CUSCO |
||
| 082 |
_a985.0095 / _bG84 |
||
| 100 |
_aGuamán Poma de Ayala, Felipe _95514 |
||
| 245 | _aNueva crónica y buen gobierno / | ||
| 260 |
_aLima : _bCasa de la Cultura del Perú, _c1969. |
||
| 300 |
_a105 páginas ; _c17 cm. |
||
| 500 | _aDonación familia Nieto. | ||
| 650 |
_a Perú -Época Prehispánica. _915826 |
||
| 650 |
_aDescubrimiento y Conquista _92362 |
||
| 650 |
_aPerú-- -Historia-- -Guerras Civiles _915827 |
||
| 942 |
_2ddc _cLIBROS |
||
| 945 | _aafb | ||